[Event "XVI Ugra Cup 2020"]
[Site "Khanty-Mansiysk"]
[Date "2020.12.05"]
[Round "6.8"]
[White "Bocharov, Dmitry"]
[Black "Makov, Artem"]
[Result "1-0"]
[WhiteElo "2528"]
[BlackElo "1883"]
[Annotator "TA"]
[PlyCount "81"]
[EventDate "2020.11.30"]
[EventType "swiss"]
[EventCountry "RUS"]
[SourceTitle "playchess.com"]
[Source "ChessBase"]
[SourceQuality "1"]

{[%evp 18,81,0,-31,0,0,31,0,5,-20,33,29,33,37,68,74,82,89,81,16,7,14,17,12,27,19,20,14,84,69,82,31,25,9,112,13,22,0,0,0,0,0,0,0,14,0,0,0,79,79,391,126,125,116,112,114,176,169,306,312,315,305,461,461,454,439]} 1. e4 c5 2. g3 Nc6 3. Bg2 g6 4. Ne2 Bg7 5. O-O e6 6. Nbc3 Nge7 7. d3 d6 8. Be3 Nd4 9. Qd2 O-O 10. Nc1 b5 {B26: Closed Sicilian: 3 g3, lines with early Be3.} 11. Nd1 {[#]} e5 $146 ({Predecessor:} 11... Bb7 12. c3 Ndc6 13. Ne2 Ne5 14. h3 c4 15. d4 Nd3 16. Nc1 Nxc1 17. Rxc1 f5 18. f3 {½-½ (38) Letay,G (2029)-Cross,T (2058) Budapest 2011}) 12. c3 Ndc6 {The position is equal.} 13. Bh6 Be6 (13... Bxh6 $11 14. Qxh6 f5) 14. Bxg7 $14 Kxg7 15. Ne3 d5 16. exd5 Nxd5 17. Nb3 Qd6 18. Nxd5 (18. f4 $16) 18... Bxd5 $11 19. Qe3 Bxg2 20. Kxg2 Qd5+ 21. Kg1 c4 22. dxc4 bxc4 (22... Qxc4 $11 23. Nc5 Rfd8) 23. Nc5 $16 {Rfd1 is the strong threat.} Rfd8 24. b4 ({White should play} 24. Rfd1 $16 Qxd1+ 25. Rxd1 Rxd1+ 26. Kg2) 24... cxb3 $14 25. axb3 Rac8 (25... a5 $11) 26. Rfe1 (26. Rfd1 $1 $16 {[%cal Rd1d5]} Qxd1+ 27. Rxd1 Rxd1+ 28. Kg2) 26... a5 $11 27. Ra4 {[%cal Ba1a4,Ba4c4,Bc4c7][%mdl 32]} h5 28. Rc4 Rb8 29. Qe4 Qxe4 30. Nxe4 Ne7 31. Rc7 Nd5 32. Ra7 $36 {[%mdl 2048] Threatens to win with Ng5. White has good play.} Rxb3 {[#]} (32... Ra8 $1 $11 33. Rxa8 Rxa8) 33. Ng5 $1 $16 {[%cal Rg5e6]} Kg8 $2 {[%mdl 8192] [#]} (33... Re8 $16 {is tougher.}) 34. Nxf7 $2 (34. Rd1 $1 $18 {and the rest is easy.}) 34... Re8 35. Rxe5 Rxe5 36. Nxe5 {Strongly threatening c4. KRN-KRN} Rb1+ (36... h4 $16) 37. Kg2 $18 Ra1 (37... Nxc3 $142 38. Rxa5 Rb6) 38. c4 ({Less strong is} 38. Nxg6 Nxc3 39. f4 a4 $16) 38... Nb4 39. c5 ({Don't do} 39. Nxg6 Nc6 $18) 39... Re1 (39... Rc1 {is a better defense.} 40. Rxa5 Kg7) 40. c6 Rxe5 41. Ra8+ {Weighted Error Value: White=0.29/Black=0.51} 1-0

[Event "XVI Ugra Cup 2020"]
[Site "Khanty-Mansiysk"]
[Date "2020.12.05"]
[Round "6.9"]
[White "Maltsevskaya, Aleksandra"]
[Black "Vetokhin, Savva"]
[Result "1-0"]
[WhiteElo "2248"]
[BlackElo "2317"]
[Annotator "RC"]
[PlyCount "117"]
[EventDate "2020.11.30"]
[EventType "swiss"]
[EventCountry "RUS"]
[SourceTitle "playchess.com"]
[Source "ChessBase"]
[SourceQuality "1"]
[TimeControl "5400+30"]

1. e4 {[%emt 0:00:00]} c5 {[%emt 0:00:00]} 2. Nf3 {[%emt 0:00:00]} d6 {[%emt 0:00:00]} 3. d4 {[%emt 0:00:00]} cxd4 {[%emt 0:00:03]} 4. Nxd4 {[%emt 0:00:00]} Nf6 {[%emt 0:00:07]} 5. Nc3 {[%emt 0:00:00]} a6 {[%emt 0:00:07]} 6. h3 {[%emt 0:02:55]} e6 {[%emt 0:01:18]} 7. g4 {[%emt 0:05:08]} d5 {[%emt 0:01:57]} 8. exd5 {[%emt 0:00:07]} Nxd5 {[%emt 0:00:11]} 9. Nde2 {[%emt 0:00:05]} Nxc3 {[%emt 0:00:27]} 10. Qxd8+ {[%emt 0:00:17]} Kxd8 {[%emt 0:00:06]} 11. Nxc3 {[%emt 0:00:10]} Bd7 {[%emt 0:00:02]} 12. Bg2 {[%emt 0:11:02]} Bc6 {[%emt 0:00:12]} 13. O-O {[%emt 0:00:07]} Bxg2 {[%emt 0:00:45]} 14. Kxg2 {[%emt 0:00:05]} Nd7 {[%emt 0:01:45]} 15. Bf4 {[%emt 0:02:04]} Bb4 {[%emt 0:04:51]} 16. Ne4 {[%emt 0:00:27]} Nf6 {[%emt 0:08:55]} 17. Rad1+ {[%emt 0:03:38]} Ke8 {[%emt 0:00:31]} 18. Rd4 {[%emt 0:03:53]} Be7 {[%emt 0:00:46]} 19. Nd6+ {[%emt 0:01:19]} Bxd6 {[%emt 0:00:16]} 20. Bxd6 {[%emt 0:00:07]} Rd8 {[%emt 0:02:20]} 21. Rfd1 {[%emt 0:00:52]} Nd5 {[%emt 0:00:32]} 22. Bg3 {[%emt 0:00:20]} b5 {[%emt 0:00:57]} 23. a3 {[%emt 0:08:31]} Ke7 {[%emt 0:02:00]} 24. b3 {[%emt 0:02:13]} f6 {[%emt 0:00:37]} 25. R1d3 {[%emt 0:01:17]} Nb6 {[%emt 0:04:46]} 26. Rd6 {[%emt 0:04:09]} Rb8 {[%emt 0:15:07]} 27. a4 {[%emt 0:09:46]} bxa4 {[%emt 0:01:20]} 28. bxa4 {[%emt 0:00:16]} e5 {[%emt 0:01:24]} 29. a5 {[%emt 0:01:47]} Nc4 {[%emt 0:00:16]} 30. Rxa6 {[%emt 0:01:27]} Ra8 {[%emt 0:00:15]} 31. Rc6 {[%emt 0:00:11]} Rhc8 {[%emt 0:00:09]} 32. Rxc8 {[%emt 0:00:17]} Rxc8 {[%emt 0:00:06]} 33. a6 {[%emt 0:02:33]} Nd6 {[%emt 0:01:11]} 34. Ra3 {[%emt 0:02:33]} Kd7 {[%emt 0:04:04]} 35. a7 {[%emt 0:00:26]} Ra8 {[%emt 0:00:17]} 36. f4 {[%emt 0:00:07]} Nc4 {[%emt 0:02:43]} 37. Rc3 {[%emt 0:02:47]} Na5 {[%emt 0:03:06]} 38. fxe5 {[%emt 0:00:48]} Rxa7 {[%emt 0:00:10]} 39. exf6 {[%emt 0:00:29]} gxf6 {[%emt 0:00:05]} 40. Bh4 {[%emt 0:01:14]} Ke7 {[%emt 0:00:58]} 41. Rf3 {[%emt 0:00:56]} Ke6 {[%emt 0:02:17]} 42. Rxf6+ {[%emt 0:00:14]} Ke5 {[%emt 0:00:14]} 43. Rf5+ {[%emt 0:00:17]} Ke4 {[%emt 0:00:18]} 44. Bf2 {[%emt 0:00:41]} Ra6 {[%emt 0:00:41]} 45. Kg3 {[%emt 0:00:37]} Nc6 {[%emt 0:00:33]} 46. Rc5 {[%emt 0:02:24]} Ra3+ {[%emt 0:00:20]} 47. c3 {[%emt 0:00:12]} Ne5 {[%emt 0:00:22]} 48. Rc7 {[%emt 0:01:06]} Ng6 {[%emt 0:00:18]} 49. Bd4 {[%emt 0:00:32]} h6 {[%emt 0:00:19]} 50. h4 {[%emt 0:00:27]} Nf8 {[%emt 0:00:47]} 51. Re7+ {[%emt 0:00:14]} Kd5 {[%emt 0:00:14]} 52. Re5+ {[%emt 0:00:17]} Kc4 {[%emt 0:00:18]} 53. Rc5+ {[%emt 0:00:38]} Kd3 {[%emt 0:00:10]} 54. Rc6 {[%emt 0:00:04]} Ra1 {[%emt 0:01:45]} 55. Rxh6 {[%emt 0:00:07]} Re1 {[%emt 0:00:16]} 56. Rf6 {[%emt 0:00:20]} Ne6 {[%emt 0:00:07]} 57. Rf3+ {[%emt 0:00:49]} Ke4 {[%emt 0:00:07]} 58. Bf2 {[%emt 0:01:08]} Rh1 {[%emt 0:00:31]} 59. Re3+ {[%emt 0:00:11]} 1-0

[Event "XVI Ugra Cup 2020"]
[Site "Khanty-Mansiysk"]
[Date "2020.12.05"]
[Round "6.10"]
[White "Pingin, Artem"]
[Black "Oliinyk, Serafim"]
[Result "1-0"]
[WhiteElo "2244"]
[BlackElo "2042"]
[Annotator "TA"]
[PlyCount "233"]
[EventDate "2020.11.30"]
[EventType "swiss"]
[EventCountry "RUS"]
[SourceTitle "playchess.com"]
[Source "ChessBase"]
[SourceQuality "1"]

{[%evp 11,233,40,37,0,0,0,0,0,0,0,6,3,24,0,0,0,0,2,30,-18,-4,-8,202,39,37,32,32,25,16,17,34,38,49,21,32,27,33,33,34,0,0,0,33,33,31,31,29,0,12,0,39,34,50,50,52,22,46,50,44,54,54,39,101,72,65,68,69,56,72,52,48,0,75,63,70,24,95,87,83,67,62,62,62,53,78,73,123,126,120,90,125,45,74,12,127,129,131,131,128,118,199,199,189,178,135,101,122,108,120,96,571,371,516,385,385,0,378,371,371,386,383,384,386,385,368,266,1187,1187,1644,1187,1187,516,459,448,416,243,568,558,577,575,618,604,604,604,597,597,1187,932,842,589,589,441,575,568,567,441,441,441,441,433,433,433,426,426,419,400,393,393,393,386,486,378,383,104,104,0,352,0,8,0,312,279,241,241,345,327,554,459,241,0,0,0,13,13,395,384,552,547,522,518,512,498,449,449,29969,29969,29969,29970,29977,29977,29978,29979,29981,29978,29982,29983,29983,29984,29984,29985,29985,29986,29986,29987]} 1. e4 e5 2. Nf3 Nc6 3. Bb5 f5 4. d3 fxe4 5. dxe4 Nf6 6. O-O Bc5 {6...d6 is more fashionable.} 7. Bc4 {C63: Ruy Lopez: Schliemann/Jaenisch Defence.} d6 8. a3 Bg4 9. h3 {The position is equal.} Bh5 10. Qd3 Qd7 11. Nc3 {[#]} a6 $146 ({Predecessor:} 11... O-O-O 12. b4 Bb6 13. Rb1 Rhf8 14. b5 Nd4 15. Nxd4 Bxd4 16. Be3 Bxe3 17. Qxe3 Kb8 {1-0 (35) Graham,O (2281)-Burridge,R (2029) ICCF email 2019}) 12. Bg5 Rf8 13. Nh4 Nd4 14. Rae1 c6 15. Kh1 h6 16. Be3 Nf3 $2 (16... O-O-O $11 {and Black has nothing to worry.}) 17. Nxf3 $2 (17. Bxc5 $1 $18 Nxe1 18. Qxd6 Qxd6 19. Bxd6 Nxc2 20. Nf5 (20. Bxe5 Bf7 $16)) 17... Bxf3 $14 18. Kg1 {And now Bxc5 would win.} ({Not} 18. gxf3 $2 Qxh3+ 19. Kg1 Nh5 $19) 18... Bxe3 19. Rxe3 ({Don't play} 19. fxe3 Bh5 $11) 19... Bh5 20. b4 Bf7 21. Rd1 Rd8 22. a4 Bxc4 23. Qxc4 Qf7 24. Qf1 Qe6 25. b5 axb5 26. axb5 Rf7 27. bxc6 bxc6 28. Qa6 Rc7 29. Red3 Kf8 30. Qa3 {[%cal Rd3d6]} Ne8 31. Ne2 Kg8 32. Ng3 d5 33. Qc5 Rcd7 34. Rc3 dxe4 35. Rxd7 Rxd7 36. Nxe4 Rc7 ({Better is} 36... Rd4 $14 37. Ng3 Rd6) 37. Qe3 Nf6 {next ...Nd5 is good for Black.} 38. Nxf6+ Qxf6 {[%mdl 4096] Endgame KQR-KQR} 39. Qc5 Qe6 40. Re3 Re7 41. Rc3 Rc7 $1 42. Qb6 Rc8 43. Rc5 Qf6 (43... e4 $11) 44. Qb3+ $16 Kh8 45. Qe3 Re8 46. Qe4 Re6 47. g3 Kg8 48. Kg2 Kh8 49. Ra5 {Threatening mate with Ra8+.} Re8 50. h4 Rf8 51. Qe3 ({White should play} 51. f3 $16) 51... Re8 52. Rc5 (52. Ra4 $16) 52... Re7 (52... e4 $11 {keeps the balance.}) 53. Qe4 Re6 54. Ra5 {White threatens Ra8+ and mate.} Re8 55. f4 Qd8 (55... Qd6 $16 56. Rxe5 Rxe5 57. fxe5 Qe6) 56. Rxe5 $18 Qd2+ 57. Kh3 {[%cal Re5e8]} Qd7+ 58. f5 Rf8 59. Re6 c5 60. Qe5 Qd1 $2 {[%mdl 8192]} (60... Kh7 $16 {is more resistant.}) 61. Rxh6+ $1 {Cut Off at move 61} Kg8 62. Qe6+ Rf7 63. Qe8+ Rf8 64. Rh8+ $1 {[%mdl 64] Deflection, Decoy} Kxh8 65. Qxf8+ {[%mdl 64] Double Attack. KQ-KQ} Kh7 66. Qxc5 Qh1+ 67. Kg4 Qd1+ 68. Kf4 Qd2+ $2 (68... Qf1+ 69. Kg5 Qe1) 69. Kf3 Qe1 70. Qf2 Qh1+ 71. Ke2 (71. Qg2 $142 Qb1 72. Qe2) 71... Qe4+ 72. Kd2 Qd5+ 73. Kc3 (73. Ke1 $142) 73... Qe5+ $2 (73... Qc6+ 74. Kd2 Qd6+ 75. Ke1 Qe5+ 76. Kf1 Qd5) 74. Kd3 Qd5+ 75. Qd4 Qf3+ 76. Qe3 Qd1+ 77. Kc3 Qa1+ 78. Kd2 Qa5+ 79. Ke2 Qd5 80. Qd3 Qg2+ 81. Kd1 Qg1+ 82. Kd2 Qf2+ 83. Kc1 {Black must now prevent f6+.} Qe1+ 84. Kb2 Qb4+ 85. Qb3 Qd4+ 86. Ka2 Qa7+ 87. Qa3 $1 {[%cal Ra3a7]} Qf7+ 88. Kb1 Qb7+ 89. Qb3 Qh1+ 90. Kb2 Qg1 91. c4 Qf2+ 92. Ka3 $2 (92. Qc2 $18 Qxg3 93. c5) 92... Qa7+ $16 93. Qa4 (93. Kb4 $16 {Threatens to win with Qd3.} Qb8+ 94. Ka3 Qa7+ 95. Kb2) 93... Qc5+ $2 {[%mdl 8192]} (93... Qe3+ $1 $11 94. Qb3 Qc5+ 95. Qb4 Qe3+ 96. Ka4 Qa7+ 97. Qa5 Qd7+ 98. Qb5 Qd1+ 99. Ka5 Qd2+ 100. Ka6 Qd6+ 101. Qb6 Qa3+ 102. Qa5 Qd6+ 103. Kb7 Qe7+ 104. Ka6 Qd6+ 105. Qb6 Qa3+ 106. Kb7 Qe7+ 107. Qc7 Qb4+ 108. Kc8 Qf8+ 109. Kb7 Qb4+ 110. Kc8 Qf8+ 111. Kd7 Qxf5+ 112. Kd6 Qf2) 94. Kb3 $2 (94. Qb4 $18 Qe3+ 95. Ka4) 94... Qe3+ $11 95. Kb4 {Strongly threatening Qc2.} Qd2+ $2 {[%mdl 8192]} (95... Qe1+ $11 96. Kb5 Qe8+ 97. Ka5 Qd8+ 98. Kb4 Qe7+ 99. Kb3 Qe3+ 100. Kb2 Qd4+ 101. Kb3 Qd1+ 102. Ka3 Qc1+ 103. Kb3 Qd1+ 104. Kb4 Qe1+ 105. Kb5 Qe8+ 106. Ka5 Qd8+ 107. Kb4 Qe7+ 108. Kb3 Qe3+) 96. Kc5 $18 Qe3+ 97. Kd5 Qd3+ (97... Qf3+ $142 98. Ke6 Qe4+ 99. Kd6 Qd3+ 100. Ke6 Qe4+ 101. Kd6 Qd3+ 102. Kc6 Qxf5) 98. Kc6 Qe4+ $2 {[#]} (98... Qxf5 99. Qb3 Qe4+ 100. Kb6 Qe6+ 101. Ka5 Qe5+ 102. Ka4 Qd4) 99. Kb6 $1 Qd4+ {[#]} 100. Kb5 $2 (100. Kb7 $1 $18) 100... Qd7+ $11 101. Ka5 Qa7+ 102. Kb4 Qb6+ $2 {[%mdl 8192] White leaves nothing to chance now.} (102... Qe7+ $1 $11 {and Black is okay.} 103. Kb3 Qe3+ 104. Kb2 Qd4+ 105. Ka2 Qd2+ 106. Kb1 Qe1+ 107. Kb2 Qxg3) 103. Qb5 $18 Qd4 (103... Qd6+ {keeps fighting.} 104. Qc5 Qb8+ 105. Ka4 Qxg3) 104. Qd5 Qb6+ 105. Kc3 Qe3+ 106. Qd3 Qe5+ 107. Kd2 Qb2+ (107... Kh8 $18 108. h5 Qb8) 108. Ke3 {White mates.} Kh8 109. Kf3 Qh2 110. Kg4 Qh1 111. c5 Qc6 112. Qd4 Kh7 113. Qd6 Qe4+ 114. Kg5 Qe3+ 115. Kh5 Qe2+ 116. g4 Kg8 117. Qe6+ {Weighted Error Value: White=0.21/Black=0.36} 1-0

[Event "XVI Ugra Cup 2020"]
[Site "Khanty-Mansiysk"]
[Date "2020.12.06"]
[Round "7.1"]
[White "Sarana, Alexey"]
[Black "Zvjaginsev, Vadim"]
[Result "1/2-1/2"]
[WhiteElo "2636"]
[BlackElo "2602"]
[Annotator "TA"]
[PlyCount "33"]
[EventDate "2020.11.30"]
[EventType "swiss"]
[EventCountry "RUS"]
[SourceTitle "playchess.com"]
[Source "ChessBase"]
[SourceQuality "1"]

{[%evp 29,33,0,18,0,21,0]} 1. d4 d5 2. c4 c6 3. Nf3 Nf6 4. Nc3 e6 5. Bg5 h6 6. Bh4 Be7 7. e3 O-O 8. Bd3 Nbd7 {[%cal Bb8d7,Bd7f6,Bf6g4][%mdl 32]} 9. cxd5 Nxd5 10. Bxe7 Qxe7 11. Nxd5 exd5 12. O-O Re8 13. Qc2 Nf6 14. Ne5 Ng4 15. Nf3 Nf6 16. Ne5 {D61: Queen's Gambit Declined: Classical: 7 Qc2.} Ng4 {[#]} 17. Nf3 $146 {A rather calm draw. Not enough moves} ({Predecessor:} 17. Nxg4 Bxg4 18. h3 Bd7 19. Rae1 Qd6 20. f4 Re7 21. f5 f6 22. Rf3 Rae8 23. a3 Rc8 24. b4 Be8 {0-1 (23) Lysik,J (2020)-Chyla,J (1986) Slovakia 2000}) 1/2-1/2

[Event "XVI Ugra Cup 2020"]
[Site "Khanty-Mansiysk"]
[Date "2020.12.06"]
[Round "7.2"]
[White "Iljiushenok, Ilia"]
[Black "Pridorozhni, Aleksei"]
[Result "1/2-1/2"]
[WhiteElo "2539"]
[BlackElo "2590"]
[Annotator "TA"]
[PlyCount "112"]
[EventDate "2020.11.30"]
[EventType "swiss"]
[EventCountry "RUS"]
[SourceTitle "playchess.com"]
[Source "ChessBase"]
[SourceQuality "1"]

{[%evp 15,112,29,29,21,34,37,38,30,41,33,32,31,40,39,42,50,53,0,-14,-8,0,-4,-12,-10,0,0,0,-31,-4,-12,0,-24,0,0,0,0,0,0,0,0,0,0,0,0,0,0,0,0,0,0,0,0,0,0,0,0,0,0,0,0,0,0,0,0,0,0,0,0,0,0,0,0,0,0,0,0,0,0,0,0,0,0,0,0,0,0,0,0,0,0,0,0,0,0,0,0,0,0,0]} 1. e4 c5 2. Nf3 Nc6 3. Bb5 d6 4. O-O Bd7 5. c3 Nf6 6. Re1 a6 7. Ba4 b5 8. Bc2 Bg4 9. a4 {B51: Sicilian: Moscow Variation (3 Bb5+) without 3...Bd7.} Rb8 10. axb5 axb5 11. d4 {White is slightly better.} cxd4 12. cxd4 Bxf3 $5 {[%mdl 4] A promising side line.} 13. gxf3 e5 $1 {[#]} 14. dxe5 $146 ({Predecessor:} 14. Be3 Be7 15. d5 Na5 16. b3 Nd7 17. Qd2 b4 18. Ra4 Nc5 19. Bxc5 dxc5 20. d6 {½-½ (50) Brkic,A (2560)-Csiszar,C (2423) Harkany 2009}) 14... dxe5 15. Qxd8+ Rxd8 16. Nc3 (16. Be3 $1 $14) 16... Nd4 $11 17. Bd1 Bb4 18. Rf1 O-O 19. Be3 Rd7 20. Ra6 Rfd8 21. Kg2 h6 22. h4 Be7 23. Ra1 b4 24. Ne2 {The position is equal.} Nh5 25. Nxd4 exd4 26. Bd2 Bd6 27. Ba4 Rc7 28. Rfd1 Nf4+ 29. Bxf4 Bxf4 30. Rd3 Rc1 31. Rxc1 Bxc1 {[%mdl 4096] Endgame KRB-KRB} 32. b3 Bf4 33. Bc6 g5 34. hxg5 hxg5 35. Bd5 Be5 36. Rd1 Rc8 37. Bc4 Ra8 38. Kf1 Kf8 39. Ke2 Ke7 40. Rd2 f6 41. Bd5 Ra1 42. Rd1 Ra5 43. Rd2 Kd6 44. Rc2 Ra1 45. Rc6+ Kd7 {[#] aiming for ...Ra2+.} 46. Rc2 Rh1 47. Bc4 Rb1 48. Bd5 Kd6 49. Rc6+ Ke7 {[#] ...Rb2+ is the strong threat.} 50. Rc2 Bf4 51. Kd3 Rd1+ 52. Ke2 $1 {[%cal Re2d1]} Rh1 53. Kd3 Be5 54. Ke2 Rh3 55. Bc4 Kd6 56. Bd3 Rh8 {Weighted Error Value: White=0.04/Black=0.02} 1/2-1/2

[Event "XVI Ugra Cup 2020"]
[Site "Khanty-Mansiysk"]
[Date "2020.12.06"]
[Round "7.3"]
[White "Rozum, Ivan"]
[Black "Bocharov, Dmitry"]
[Result "0-1"]
[WhiteElo "2563"]
[BlackElo "2528"]
[Annotator "TA"]
[PlyCount "82"]
[EventDate "2020.11.30"]
[EventType "swiss"]
[EventCountry "RUS"]
[SourceTitle "playchess.com"]
[Source "ChessBase"]
[SourceQuality "1"]

{[%evp 14,82,48,29,55,55,51,60,60,39,76,59,54,23,39,25,10,7,29,-96,0,0,0,0,0,0,0,0,67,68,59,54,76,82,72,93,71,-68,-64,-68,-65,-75,-100,-93,-77,-128,-8,-190,-156,-152,-154,-277,-268,-278,-278,-264,-261,-360,-321,-365,-347,-402,-402,-434,-458,-807,-686,-1066,-491,-797,-747]} 1. d4 Nf6 2. c4 e6 3. g3 d5 4. Bg2 dxc4 5. Nf3 a6 6. O-O Nc6 7. e3 Rb8 8. Nfd2 e5 {E04: Open Catalan: 5 Nf3.} 9. Bxc6+ $1 bxc6 10. dxe5 Ng4 {White is slightly better.} 11. Nxc4 Be6 12. Nbd2 Bb4 13. Qc2 h5 {Threatens to win with ...h4.} 14. b3 h4 15. Nf3 $1 {h3 is the strong threat.} hxg3 16. hxg3 {[#]} (16. fxg3 $11 {was the only way to keep the balance.} Bc5 17. h4) 16... f5 (16... Qd7 $1 $17) 17. e4 fxe4 $1 18. Qxe4 {[#] aiming for Qg6+.} Qd5 $5 $146 {[%mdl 8] New and interesting.} ({Predecessor:} 18... Qd7 19. Qg6+ Kf8 20. Nh4 Kg8 21. Be3 Rb5 22. Bf4 Be7 23. Bg5 Bf7 24. e6 Bxg6 25. exd7 Rxg5 {½-½ (81) Jumabayev,R (2630)-Gelfand,B (2686) Douglas 2019}) 19. Qg6+ Kf8 20. Nh4 Kg8 (20... Bc3 $1 $11 21. Rb1 Kg8) 21. Bf4 $14 Qd7 22. Rfd1 Qf7 23. Qxf7+ Kxf7 24. f3 Rbg8 25. Ng2 ({White should play} 25. fxg4 $16 {Strongly threatening Bg5.} g5 26. Bd2 Bxd2 27. Rf1+ (27. Nxd2 gxh4 28. gxh4 Rxg4+ 29. Kf2 Bd5 $15) 27... Ke8 28. Nf5 (28. Nxd2 gxh4 29. Ne4 Kd8 $14)) 25... Bc5+ $15 26. Be3 $1 {[%cal Re3c5]} Nxe3 27. Ncxe3 Bd5 28. Rd3 g5 {[%mdl 1024] Black has strong compensation.} 29. Rad1 (29. Ne1 $142) 29... Ke6 (29... Bb6 $17 {Threatening ...Re8.} 30. Kf2 Rh2) 30. Kf2 $2 {White does not recover from this.} (30. Ne1 $1 $11) 30... Rf8 31. f4 Rh2 $36 {[%mdl 2048] White is under strong pressure.} 32. Rxd5 (32. Kf1 $17 Bxe3 33. Nxe3 gxf4 34. Nxd5 cxd5 35. gxf4) 32... cxd5 $19 33. Kf3 {[#]} Bxe3 $1 {[%mdl 64] Overworked Piece} 34. Nxe3 gxf4 ({Worse is} 34... Rxa2 35. Rxd5 gxf4 36. gxf4 $11) 35. Nxd5 fxg3+ ({Weaker is} 35... Kxe5 36. gxf4+ Kf5 37. Ne3+ Kg6 38. f5+ Kh5 39. Rd7 $15) 36. Kxg3 Rxa2 {KRR-KRN} 37. Nf4+ Kf5 38. e6 Rb2 {Black is clearly winning.} 39. Rd4 (39. Nd5 $142 Rg8+ 40. Kf3) 39... Rxb3+ 40. Kg2 Re3 (40... Ke5 $142 41. Rd7 Kxf4 42. Rxc7 Rg8+ 43. Kf2 Rf3+ 44. Ke1 Re3+ 45. Kf2 Rxe6) 41. Nd5 (41. Nd3 $142 Kxe6 42. Nc5+ Ke5 43. Rd1 Rg8+ 44. Kf2) 41... Rxe6 {Accuracy: White = 39%, Black = 73%.} 0-1

[Event "XVI Ugra Cup 2020"]
[Site "Khanty-Mansiysk"]
[Date "2020.12.06"]
[Round "7.4"]
[White "Afanasiev, Nikita"]
[Black "Bocharov, Ivan"]
[Result "1/2-1/2"]
[WhiteElo "2519"]
[BlackElo "2559"]
[Annotator "TA"]
[PlyCount "46"]
[EventDate "2020.11.30"]
[EventType "swiss"]
[EventCountry "RUS"]
[SourceTitle "playchess.com"]
[Source "ChessBase"]
[SourceQuality "1"]

{[%evp 9,46,-8,22,21,20,18,16,14,43,11,43,29,32,37,29,33,31,39,32,26,26,23,39,27,38,27,33,23,29,0,0,0,28,0,0,0,27,0,0]} 1. e4 c6 2. Nf3 d5 3. d3 dxe4 4. dxe4 Qxd1+ 5. Kxd1 Bg4 6. Be2 {B10: Caro-Kann: 2 d3 and 2 c4.} Nd7 7. Ne1 Bxe2+ 8. Kxe2 e5 9. f3 Nc5 {[#]} 10. Be3 $146 ({Predecessor:} 10. Nd3 Nxd3 11. cxd3 O-O-O 12. Be3 b6 13. Nd2 Kb7 14. Nc4 f6 15. Rhd1 c5 16. a4 {½-½ (69) Szustakowski,A (2242)-Dudzinski,P (2199) chess.com INT 2020}) 10... Nf6 11. Nd2 Nfd7 12. a4 a5 13. Nc4 f6 14. Nd3 Nxd3 15. Kxd3 Bc5 16. Rhd1 Kd8 17. Bd2 b6 $1 18. Ke2 Kc7 19. Be3 Rhd8 20. Bd2 Rh8 21. Be3 Rhd8 22. Bd2 Rh8 23. Be3 Rhd8 {Accuracy: White = 77%, Black = 79%.} 1/2-1/2

[Event "XVI Ugra Cup 2020"]
[Site "Khanty-Mansiysk"]
[Date "2020.12.06"]
[Round "7.5"]
[White "Schekachikhin, Maksim"]
[Black "Demchenko, Anton"]
[Result "1/2-1/2"]
[WhiteElo "2416"]
[BlackElo "2626"]
[Annotator "TA"]
[PlyCount "140"]
[EventDate "2020.11.30"]
[EventType "swiss"]
[EventCountry "RUS"]
[SourceTitle "playchess.com"]
[Source "ChessBase"]
[SourceQuality "1"]

{[%evp 18,140,88,88,89,73,80,70,88,55,59,62,62,59,54,55,61,59,67,8,49,49,63,59,66,36,47,38,91,41,106,39,47,34,34,16,58,58,70,47,60,52,62,51,69,15,20,7,13,6,12,8,12,14,180,163,166,0,0,0,0,0,33,44,41,41,50,16,21,21,21,16,29,17,136,0,0,0,0,0,0,0,0,0,0,0,0,0,0,0,0,0,0,0,0,0,0,0,0,0,0,0,0,0,0,0,0,0,0,0,0,0,0,0,0,0,0,0,0,0,0,0,0,0,0]} 1. d4 Nf6 2. c4 d6 3. Nc3 e5 4. Nf3 Nbd7 5. e4 g6 6. Be2 Bg7 7. O-O O-O 8. Be3 c6 9. d5 c5 10. Ne1 Kh8 {E94: King's Indian: Classical: 6 Be2 e5 7 0-0: Various Black 7th moves.} 11. Qd2 Ng8 12. Nd3 f5 {White is slightly better.} 13. exf5 gxf5 14. f4 e4 15. Nf2 Ndf6 16. Rab1 b6 17. b4 Nh6 {[#]} 18. a4 $146 ({White should try} 18. bxc5 $14 dxc5 19. a4) ({Predecessor:} 18. Rb3 Qe7 19. Re1 Rg8 20. Kh1 Bf8 21. Qb2 Qg7 22. Rg1 Qg6 23. bxc5 dxc5 24. a4 {1-0 (51) Sammalvuo,T (2416)-Linnanen,L (2153) Finland 2019}) 18... Bd7 19. Kh1 Nf7 20. a5 h5 21. a6 cxb4 22. Rxb4 Kh7 (22... Ng4 $14) 23. Bd4 Bh6 (23... Ng4 $14) 24. Ncd1 ({Better is} 24. Nb5 $16) 24... Qe7 25. Qc3 Nh8 26. Ne3 Ng6 27. Nh3 Ng4 28. Rbb1 Rae8 29. g3 Bc8 30. Ra1 N6e5 31. fxe5 (31. Ng2 $14 Nd7 32. Ng5+ Bxg5 33. fxg5 Qxg5 34. Nf4) 31... dxe5 $11 32. Bxb6 $1 axb6 33. a7 Bd7 34. a8=Q (34. Nxf5 {keeps more tension.} Bxf5 35. a8=Q Rxa8 36. Rxa8 Rxa8 37. Rxf5 Qa3 38. Qxa3 Rxa3 39. Ng1) 34... Rxa8 35. Rxa8 Nxe3 $2 (35... Rxa8 $11 {and Black has nothing to worry.} 36. Nxf5 Bxf5 37. Rxf5 Qa3) 36. Rxf8 $18 Qxf8 {[#]} 37. Qxe5 $2 (37. Ra1 $1 $18) 37... Nxf1 $11 38. Bxf1 Qg7 $36 {[%mdl 2048] Black has good play.} 39. Qc7 Be8 40. Qxb6 h4 $1 41. Qf2 Qe5 42. Nf4 hxg3 43. hxg3 Bf7 44. Kg2 Kg8 45. Be2 Bf8 (45... Qc3 $11 {remains equal.}) 46. Bh5 (46. Qb6 $16) 46... Bxh5 {The position is equal.} 47. Nxh5 e3 48. Qe2 Bh6 49. Kh2 Kf7 50. Kg2 Kg6 51. Kh2 Bg5 {Hoping for ...Qh8.} 52. Kg2 Qd4 53. Nf4+ Bxf4 54. gxf4 Qxf4 {[%mdl 4096] Endgame KQ-KQ} 55. c5 Qe4+ 56. Kg1 Kf6 {Strongly threatening ...f4.} (56... f4 $5 57. Qg4+ $8 Kf6 $11) 57. d6 f4 58. Qb2+ Kf5 59. d7 e2 {[#]} 60. Qxe2 $3 {[%mdl 512]} Qxe2 61. d8=Q {KQ-KQ. Cut Off at move 61} f3 {[%csl Gf3][%cal Re2g2]} 62. Qd5+ Kg6 {[%csl Gf3][%cal Re2g2]} 63. Qd6+ Kf7 {[%csl Gf3][%cal Re2g2]} 64. Qd7+ Kf6 {[%csl Gf3][%cal Re2g2]} 65. Qd6+ Kf5 {[%csl Gf3][%cal Re2g2]} 66. Qd5+ Kg4 {[%csl Gf3][%cal Re2g2]} 67. Qd4+ Kh3 {[%csl Gf3,Gh3][%cal Re2g2]} 68. Qh8+ Kg3 {[%csl Gf3,Gg3][%cal Re2g2]} 69. Qg7+ Kf4 {( -> ...f2+)} 70. Qd4+ Kf5 {Weighted Error Value: White=0.18/Black=0.19} 1/2-1/2